Mô hình toán ứng dụng
Gespeichert in:
| 1. Verfasser: | |
|---|---|
| Format: | Buch |
| Sprache: | Undetermined |
| Veröffentlicht: |
Hà Nội
Khoa học kỹ thuật
2005
|
| Schlagworte: | |
| Tags: |
Tag hinzufügen
Keine Tags, Fügen Sie den ersten Tag hinzu!
|
| Thư viện lưu trữ: | Trung tâm Học liệu Trường Đại học Cần Thơ |
|---|
| LEADER | 00587nam a2200217Ia 4500 | ||
|---|---|---|---|
| 001 | CTU_74753 | ||
| 008 | 210402s9999 xx 000 0 und d | ||
| 020 | |c 34000 | ||
| 082 | |a 005.1 | ||
| 082 | |b Th550 | ||
| 100 | |a Ngô, Văn Thứ | ||
| 245 | 0 | |a Mô hình toán ứng dụng | |
| 245 | 0 | |c Ngô Văn Thứ | |
| 260 | |a Hà Nội | ||
| 260 | |b Khoa học kỹ thuật | ||
| 260 | |c 2005 | ||
| 526 | |a Mô hình toán học | ||
| 526 | |b TNT614 | ||
| 650 | |a Computer algorithms | ||
| 904 | |i Năm | ||
| 980 | |a Trung tâm Học liệu Trường Đại học Cần Thơ | ||